00257nam a2200097Ia 4500008004100000082001800041100001800059245003800077260003500115300000900150210430s9999 xx 000 0 und d a891.7 c5141 c aAnton Chekhov 4aThe Cherry OrchardcAnton Chekhov aIndiabCosmo Publicationc2007 a173p